00381nam a22001217a 4500082003100000100002300031245005600054260004800110300001900158526003700177526003700214650000800251 a624.18341bREYcL-19, P-41 aReynolds, Chas E.  aBasic reinforced concrete designcChas. E. Reynolds aLondonbConcrete Publications Limitedc1968 aviii, 264 p. : a0b0c0d624_183410000000000_REY a0b0c0d624_183410000000000_REY aMCE